| 000 | 00717nam a2200277Ia 4500 | ||
|---|---|---|---|
| 001 | 15540 | ||
| 005 | 20240113235631.0 | ||
| 007 | ta | ||
| 008 | 051209s1996 a g b000 u 465 u | ||
| 020 | _a81-224-0806-0 | ||
| 040 | _aCotton College,Assam | ||
| 041 | _a465 | ||
| 082 |
_a574 _bGu 959 Qu |
||
| 100 | _aGupta, S.P. . | ||
| 245 | 0 |
_aQuantum Biology / _cS.P. Gupta. _hTextual Documents |
|
| 250 | _a1st ed. / | ||
| 260 |
_aNew Delhi : _bNew Age International ( P ) Limited , _cC1996. |
||
| 300 |
_axii,102p. : _bill ; _c22cm . |
||
| 504 | _aIndex | ||
| 653 | _aBiology | ||
| 653 | _aQuantum Biology | ||
| 653 | _aG-Biology | ||
| 942 |
_2ddc _cBK |
||
| 999 |
_c15526 _d15526 |
||